May 10th: Birthdays - Statistics

General Stats
  • This quiz has been taken 17 times
  • The average score is 2 of 9
Answer Stats
Year Clue Answer % Correct
1960 Part of band U2 Bono
87%
1838 Assassin of US President Abraham Lincoln John Booth
53%
1957 Part of band Sex Pistols Sid Vicious
47%
1890 German general during WWII Alfred Jodl
0%
1946 Catch the Wind artist Donovan
0%
1899 Actor in Easter Parade Fred Astaire
0%
1878 German chancellor, who won the Nobel Peace Prize Gustav Stresemann
0%
1909 Was on the Johnny Cash Show Maybelle Carter
0%
1930 Played for NY Giants Pat Summerall
0%
No matching quizzes found
Score Distribution
Percent of People with Each Score
Percentile by Number Answered
Your Score History
You have not taken this quiz